000 00357nmm a2200145 a 4500
003 AR-BaBNM
005 20251128203143.0
008 173119s1947 ||||||||||||||000 | spa||
040 _cAR-BaBNM
100 1 _aMiró Quesada Laos, Carlos
245 1 0 _aSánchez Cerro y su tiempo
260 _aBuenos Aires
_bEl Ateneo
_c1947
942 _cBK
998 _cJacobzon
999 _c2155
_d2155